Представление документа в формате RUSMARC

ПолеНазваниеЗначение
  Тип записи a
  Библиографический уровень m
001 Контрольный номер RU/IS/BASE/275997370
005 Дата корректировки 20201206204610.1
010 Индекс ISBN __
a ISBN 5-8243-0710-5
d Цена 165-00
101 Язык документа __
a Язык текста rus
c Язык оригинала fre
200 Заглавие и сведения об ответственности 1_
a Заглавие Кормить и править
e Сведения, относящиеся к заглавию О власти в России XVI-XX вв.
f Первые сведения об ответственности Тамара Кондратьева ; [пер. с фр. З. А. Чеканцевой]
b Общее обозначение материала Текст
210 Выходные данные __
a Место издания М.
c Издательство РОССПЭН
d Дата издания 2006
215 Физическое описание __
a Объем 208 с.
c Иллюстрации/тип воспроизводства ил.
300 Общие примечания __
a Общие примечания Пер. изд.: Gouverner et nourrir / Tamara Kondratieva, Paris, 2002
320 Библиография __
a Библиография Библиогр.: с. 163-203
606 Тематические рубрики __
a Основная рубрика История
606 Тематические рубрики __
a Основная рубрика История России в целом
z Хронологическая подрубрика 16 в.; 17 в.; 18 в.; 19 в.; 20 в.
610 Ключевые слова __
a Ключевые слова государственная власть; государственные структуры; самодержавные государства; тоталитарные государства; государственное устройство; советское государство; советская власть; самодержавная власть; история российской власти; государства
686 Индексы других классификаций __
a Классификационный индекс 63.3(2)-3
700 Автор _1
a Фамилия Кондратьева
b Имя Т. C.
4 Код отношения 070
801 Источник записи _0
a Страна RU
b Организация Муниципальное бюджетное учреждение культуры "Централизованная библиотечная система" г. Сургут (Центральная городская библиотека им. А. С. Пушкина)
g Правила каталогизации КиК/Гришунина
801 Источник записи _1
a Страна RU
b Организация Муниципальное бюджетное учреждение культуры "Централизованная библиотечная система" г. Сургут (Центральная городская библиотека им. А. С. Пушкина)
g Правила каталогизации КиК/Гришунина
852 Данные о местонахождении __
j Шифр хранения 63.3(2)-3
c Каталожный индекс 63.3(2)-3
i Авторский знак К 64
901 Тип документа __
t Тип документа m
903 Характеристики (МАРС) __
a Дата передачи 20081024
990 Данные о заказе (DOS) __
j Количество экземпляров (DOS) 1
t N записи в КСУ для И/У (DOS) 200810